000 00311nam a2200097Ia 4500
008 160523s9999 xx 000 0 und d
245 _aBuilding Your Network Business: Proven Ideas from Successful Leaders
245 _cby David Satterlee
260 _c2013
856 _uhttp://www.smashwords.com/books/view/360376
999 _c294850
_d294850